Normal view
MARC view
- Tintle, Nathan, /Chance, Beth L./Cobb, George W/Rossman, Allan J/Roy, Soma/Swanson, Todd
Entry Personal Name
001 - CONTROL NUMBER
- control field: 4477
003 - CONTROL NUMBER IDENTIFIER
- control field: JO-AjAnu
005 - DATE AND TIME OF LATEST TRANSACTION
- control field: 20230606071030.0
008 - FIXED-LENGTH DATA ELEMENTS
- fixed length control field: 230606|| aca||aabn | a|a d
040 ## - CATALOGING SOURCE
- Original cataloging agency: JO-AjAnu
- Transcribing agency: JO-AjAnu
100 ## - HEADING--PERSONAL NAME
- Personal name: Tintle, Nathan, /Chance, Beth L./Cobb, George W/Rossman, Allan J/Roy, Soma/Swanson, Todd
670 ## - SOURCE DATA FOUND
- Source citation: Work cat.: (JO-AjAnu)2322: Tintle, Nathan, /Chance, Beth L./Cobb, George W/Rossman, Allan J/Roy, Soma/Swanson, Todd, author, Introduction to statistical investigations